000
00277nam a2200085Ia 4500
245
0
_a
A walk in the park : travels in and around South Africa's national parks
100
_a
REID, Roxanne Cape Town, 2009
_9
76165
942
_c
BK
008
210819s9999 xx 000 0 und d
999
_c
305019
_d
305018